• 首页
  • 本馆介绍
  • 公告通知
  • 最新文献
  • 馆藏检索
  • 电子资源
  • 读者导购
  • 参考咨询
  • 我的图书馆
  • 登录
  • 详细信息显示
  • 放入我的书架
  • 预约/预借图书
  • 作者相关作品
  • 分类相关作品
  • 丛书相关作品
  • 出版社相关作品

书目信息

  • 表格格式
  • 工作单格式
  • 卡片格式
题名:
地理信息系统与自然保护区规划和管理
    
 
作者: 欧阳志云 , 肖燚 , 王效科 编著
分册:  
出版信息: 北京   化学工业出版社  2005
页数: 207页
开本: 24cm
丛书名: 社会—经济—自然复合生态系统可持续发展研究丛书
单 册:
中图分类: X36
科图分类:
主题词: 地理信息系统--应用--自然保护区 , 地理信息系统 , 自然保护区
电子资源:
ISBN: 7-5025-6720-8
000 01386oam2 2200313 450
001 002921229
005 20070805151029.21
010    @a7-5025-6720-8@dCNY36.00
035    @a002921229
100    @a20050628d2005 em y0chiy0110 ea
101 0  @achi
102    @aCN@b110000
105    @aa z 000yy
106    @ar
200 1  @a地理信息系统与自然保护区规划和管理@Adi li xin xi xi tong yu zi ran bao hu qu gui hua he guan li@f欧阳志云,肖燚,王效科编著@Fou yang zhi yun, xiao yi, wang xiao ke bian zhu
210    @a北京@c化学工业出版社@d2005
215    @a207页@c图@d24cm
225 2  @a社会—经济—自然复合生态系统可持续发展研究丛书@Ashe hui— jing ji— zi ran fu he sheng tai xi tong ke chi xu fa zhan yan jiu cong shu
330    @a本书从介绍我国的自然保护区规划与管理特征及地理信息系统的基础知识入手,结合具体研究和应用案例,系统地阐述了地理信息系统在野生动物生境研究、自然保护区的信息管理规划与决策支持、区域自然保护区规划以及全国生态系统保护评价与规划等不同尺度自然保护中的应用方法。
461  0 @1001002715737@12001 @a社会—经济—自然复合生态系统可持续发展研究丛书
606 0  @a地理信息系统@x应用@x自然保护区
606 0  @a地理信息系统
606 0  @a自然保护区
690    @aX36@v4
701  0 @a欧阳志云@Aou yang zhi yun@4编著
701  0 @a肖燚@Axiao yi@c(地理)@4编著
701  0 @a王效科@Awang xiao ke@4编著
801  0 @aCN@bNLC@c20070805
905    @dX36@e126@f5
    
    地理信息系统与自然保护区规划和管理/欧阳志云,肖燚,王效科编著.-北京:化学工业出版社,2005
    207页:图;24cm.-(社会—经济—自然复合生态系统可持续发展研究丛书)
    
    
    ISBN 7-5025-6720-8:CNY36.00
    本书从介绍我国的自然保护区规划与管理特征及地理信息系统的基础知识入手,结合具体研究和应用案例,系统地阐述了地理信息系统在野生动物生境研究、自然保护区的信息管理规划与决策支持、区域自然保护区规划以及全国生态系统保护评价与规划等不同尺度自然保护中的应用方法。
●
相关链接 在E读中查询图书 在五车中查询图书 在当当中查询图书 在豆瓣中查询图书


正题名:地理信息系统与自然保护区规划和管理     索取号:X36/126         预约/预借

序号 登录号 条形码 馆藏地/架位号 状态 备注
1 0850978   208509782   第二样本阅览室/ [索取号:X36/126] 在馆    
2 0850979   208509791   第三借阅区/ [索取号:X36/126] 在馆    
3 0850980   208509808   第三借阅区/ [索取号:X36/126] 在馆    
4 0850981   208509817   第三借阅区/ [索取号:X36/126] 在馆    
5 0850982   208509826   第三借阅区/ [索取号:X36/126] 在馆    
唐山师范学院图书馆 欢迎您!
大连网信软件有限公司© 版权所有